TOP 20 Girl Group Album First-week Sales (Hanteo Chart) - Statistics

General Stats
  • This quiz has been taken 20 times
  • The average score is 15 of 20
Answer Stats
Sales Artist Album % Correct
1,130,300+ aespa Drama
100%
1,154,700+ aespa Armageddon
93%
1,650,100+ NewJeans Get Up
93%
1,126,000+ aespa Girls
93%
1,698,000+ aespa MY WORLD
93%
1,258,000+ LE SSERAFIM UNFORGIVEN
93%
1,542,900+ BLACKPINK BORN PINK
86%
1,102,100+ IVE I've IVE
86%
1,163,300+ i-dle I feel
79%
1,605,900+ IVE I'VE MINE
79%
989,200+ LE SSERAFIM EASY
71%
1,088,300+ aespa Rich Man
71%
969,600+ aespa Dirty Work
64%
1,318,400+ IVE IVE SWITCH
64%
1,537,000+ i-dle 2
57%
1,026,900+ i-dle I SWAY
57%
1,048,000+ IVE IVE EMPATHY
57%
1,063,500+ i-dle We are
50%
1,030,500+ NMIXX A Midsummer NMIXX's Dream
36%
1,063,600+ TWICE With YOU-th
36%
No matching quizzes found
Score Distribution
Percent of People with Each Score
Percentile by Number Answered
Your Score History
You have not taken this quiz